| 000 | 00330nam a22001337a 4500 | ||
|---|---|---|---|
| 999 |
_c13268 _d13268 |
||
| 020 | _a9780582811126 | ||
| 082 | _a338.5 | ||
| 100 | _aRoger N. Waud, Philip Maxwell, Anthony Hocking | ||
| 245 |
_aMicroeconomics _bThird Australian Edition |
||
| 250 | _a3rd | ||
| 260 |
_aAustralia _bLongman _c1996 |
||
| 300 | _a1064 | ||
| 942 | _cECO | ||